000 00663nam a2200181 4500
008 040216s1989 us 0 eng
020 _a0802842577 :
_cUSD30.00
090 _aBT220
_bD92
_b1989
100 1 _aDunn, James D. G.
245 1 0 _aChristology in the making :
_ba New Testament inquiry into the origins of the doctrine of the incarnation /
_cJames D. G. Dunn.
250 _a2nd ed.
260 _aMichigan :
_bEerdmans,
_cc1989, 1980.
300 _axlvi, 443 p.
504 _aIncludes bibliographical references
650 4 _aIncarnation
_xHistory of doctrines.
951 _p19563
_x00005243
_oBT220/D92/1989
_j070613111339250
_d2000-12-21
_cGC
999 _c19033
_d19033
942 0 0 _03